Statistics for Countries A-Z by Neighbor

Click here to take the quiz!

General Stats

  • This quiz has been taken 137,363 times
    (137,362 since last reset)
  • The average score is 21 of 24

Answer Stats

LetterNeighborCountry% Correct
BNetherlandsBelgium
98%
OSaudi ArabiaOman
94%
QSaudi ArabiaQatar
94%
UIrelandUnited Kingdom
92%
YOmanYemen
92%
FRussiaFinland
91%
JIraqJordan
91%
ANamibiaAngola
90%
PLithuaniaPoland
90%
LChinaLaos
89%
CBoliviaChile
88%
HUkraineHungary
88%
NCosta RicaNicaragua
88%
VCambodiaVietnam
88%
GSurinameGuyana
87%
RTanzaniaRwanda
87%
ZSouth AfricaZimbabwe
87%
DEthiopiaDjibouti
85%
EHondurasEl Salvador
85%
KTajikistanKyrgyzstan
81%
ISloveniaItaly
80%
MBruneiMalaysia
78%
TBurkina FasoTogo
74%
SUgandaSouth Sudan
66%

Score Distribution

Percentile by Number Answered

Percent of People with Each Score

Your Score History

You have not taken this quiz since the last reset